1189 1413 1050 1313 1170 1571 1362 1060 1437 1473 1171 1311 1130 1224 1266 1831 1122 1673 1409 1373 1918 1307 1641 1771 1617 1990 1267 1009 1286 1851 1638 1007 1925 1934 1666 1914 1251 1864 1588 1971 1878 1993 1261 1541 1237 1099 1073 1635 1786 1332 1875 1034 1467 1018 1532 1259 1949 1553 1254 1758 1486 1366 1964 1558 1568 1201 1137 1569 1133 1658 1576 1074 1169 1735 1722 1915 1349 1768 1281 1061 1217 1291 1498 1958 1448 1297 1533 1549 2000 1125 1776 1930 1321 1436 1024 1451 1761 1595 1603 BCNSPRNW ULIB Ver.6.0+V

เปลี่ยนเป็นภาษาไทย

Change to English
 แสดงรายละเอียดบรรณานุกรม
  กลับหน้าหลัก

Brief Record : Get Marc (ISO 2709) : E-mail record : QR code < ปิดหน้าต่าง
LEADER : 00000nam 2200000uu 4500
001    13399114312
003     ULIB
008    120321s2551||||th 000 0 tha d
020    ^a9786110600194
090    ^aนว.^bP111D 2551
100 0  ^apiana
245 00 ^aDestiny of Love โชคชะตารักเปิดประตูใจคุณชายแบดบอย/^cpiano
250    ^aพิมพ์ครั้งที่ 1
260    ^aกรุงเทพฯ :^bแจ่มใส,^c2551
300    ^a224หน้า
710 1  ^aแจ่มใส
945    ^p169^l0^i15780
995    ^aกัณชพร
999    ^aใช้งานได้ทุกระบบ
รายการนี้ยังไม่มีแท็ก
คุณยังไม่ได้ล็อกอิน คุณสามารถมีกิจกรรมร่วมกับเว็บไซต์ได้ แต่ต้องล็อกอินก่อน ::
  ล็อกอิน

รายการสื่อสารสนเทศ

ลำดับที่ ประเภท เลขเรียก/บาร์โค้ด สถานที่ สถานะ
1. นวนิยาย
นวนิยาย
นว. P111D 2551  
  Barcode: 15780
ห้องสมุดวิทยาเขตสวรรค์ประชารักษ์
►นวนิยาย
บนชั้น
  ขอยืม

BibComment


ยังไม่เคยถูกคอมเมนท์

คอมเมนท์ทรัพยากรรายการนี้
  คอมเมนท์: Destiny of Love ..


 Copyright 2026. Bcnsprnw @Library